All answers start with "D" - Statistics

General Stats
  • This quiz has been taken 16 times
    11 since last reset
  • The average score is 53 of 94
Answer Stats
Hint Answer % Correct
You might start a letter by saying _____ Dear
100%
A skin condition of the scalp. Symptoms include flaking and sometimes mild itchiness. Dandruff
90%
Opposite of night. Day
90%
Not alive. Dead
90%
If you have made a choice, it can be said that you made a ______. Decision
90%
For legged creature, its Latin name is Cervidae. Deer
90%
Capital of India. Delhi
90%
Country in Northern Europe. Denmark
90%
Four legged animal. Dog
90%
Little girl's toy. Doll
90%
A Caribbean nation that shares the island of Hispaniola with Haiti to the west. Dominican Republic
90%
Mickey Mouse's friend. Donald
90%
To get into a room, you must open this. Door
90%
A small round mark or spot. Dot
90%
Past tense of drive. Drove
90%
The species that Mickey Mouses friend is. Duck
90%
City in North Texas. Dallas
80%
Scooby Doo, Shaggy, Fred, Velma, and _____. Daphne
80%
________ & Goliath (also the middle name of the above man). David
80%
A ten-sided polygon or 10-gon Decagon
80%
An illness that often affects the minds of the eldery. Dementia
80%
Opposite of an angel. Demon
80%
Of a light, colour, or illuminated object, not shining brightly or clearly. Dim
80%
An American multinational pizza restaurant chain founded in 1960. Dominos
80%
Bird of peace. Dove
80%
A leaky faucet might? Drip
80%
Dogs do this if they see meat. Drool
80%
Inebriated. Drunk
80%
Boring. Dull
80%
You might exercise your arms with this object. Dumbell
80%
______ D. Eisenhower, 34th President of the USA between 1953 to 1961. Dwight
80%
Raw facts, figures, symbols, or observations (like numbers, words, images) that are collected and can be processed, analyzed, and organized to provide information, insights, and meaning Data
70%
____ Jones Locker. Davy
70%
To be sad or melancholic. Depressed
70%
A solid form of the element carbon with its atoms arranged in a crystal structure. Diamond
70%
Hitler. Stalin. Mao. Franco. Ceaușescu. Mussolini. Pinochet. Dictator
70%
The white cliffs of _____. Dover
70%
Harry Potter's arch enemy, _____ Malfoy. Draco
70%
Capital of the Republic of Ireland Dublin
70%
Capital of Senegal. Dakar
60%
Capital of Syria. Damascus
60%
Term of endearment. Darling
60%
Northern Australian city. Darwin
60%
To fantasize. Daydream
60%
A unit for measuring angles (1/360th of a circle), temperature scales (like Celsius or Fahrenheit), or an academic qualification (like a Bachelor's or Master's) from a university Degree
60%
With the country the DCR, what does the D stand for? Democratic
60%
Capital of Bangladesh. Dhaka
60%
A straight line passing from side to side through the centre of a body or figure, especially a circle or sphere. Diameter
60%
"____ mío!") a common Spanish exclamation meaning "My God!" Dios
60%
Sad or displeased because someone or something has failed to fulfil one's hopes or expectations. Disappointed
60%
A portable magnetic storage medium, essentially a thin, flexible magnetic ____ inside a square plastic shell, later made obsolete by USB drives and cloud storage. Disc
60%
The capital of the above mentioned country - Saint ______. Domingo
60%
Mythical animal. Dragon
60%
A deep, intense feeling of fear, anxiety, or apprehension about something unpleasant expected in the future, Dread
60%
The allies bombed this German city in WWII in February 1945, killing some 25,000 people. Dresden
60%
Instrument. Drum
60%
To hang loosely, or to hold something so that it hangs loosely Dangle
50%
_____ Xiaoping, was a Chinese statesman, revolutionary, and political theorist who served as the paramount leader of the People's Republic of China from 1978 to 1989. Deng
50%
To eradicate. Destroy
50%
A Tarantino film released in 2012 about a slave in the 1850s who trains under a German bounty hunter, with the ultimate goal of reuniting with his wife. Django
50%
Called the North Korea of East Africa. Djibouti
50%
A mountainous Caribbean island nation, capital Roseau. Dominica
50%
You might take this if you're unwell. Drug
50%
A republic of Russia situated in the North Caucasus of Eastern Europe, along the Caspian Sea. It is located north of the Greater Caucasus Dagestan
40%
Outward behaviour or bearing. Demeanor
40%
A tree-like, branching extension of a nerve cell (neuron) that receives electrical signals from other neurons, acting as the cell's primary input receive. Dendrite
40%
An English food, spotted _____. Dick
40%
The doctrine of belief in a religion or a political system. Dogma
40%
The ____ of the Rock is an octagonal Islamic shrine at the center of the Al-Aqsa mosque compound on the Temple Mount in the Old City of Jerusalem. Dome
40%
Revolutionary battleships of the early 20th century, characterized by an "all-big-gun" armament and steam turbine propulsion Dreadnought
40%
Not very pleasant looking, grim, grey etc. Dreary
40%
Another word for poo. Dung
40%
A line of hereditary rulers of a country. Dynasty
40%
A GenZ slang for being mental. Delulu
30%
An insistent and peremptory request. Demand
30%
Authoritarian - a set of laws which are unnecessarily harsh. Draconian
30%
A coastal city on the Firth of Tay estuary in eastern Scotland Dundee
30%
A gastrointestinal disease. Its causes include bacterial or parasitic infections. Symptoms include diarrhea, fever, nausea, vomiting, weight loss and stomach cramps. Dysentery
30%
The Nazis's first Concentration Camp, opened in 1933 in Southern Germany. Was primarily used to house political prisoners (Communists, socialists, Jehovah's Witnesses). Liberated by the US in April 1945. Dachau
20%
Silly, not smart. Daft
20%
An act of showing that something exists or is true by giving proof or evidence Demonstration
20%
Rather dark and dirty. Dingy
20%
A disease caused by a bacterium that affects the upper respiratory tract and less often the skin. Diphtheria
20%
Slang for a person prone to stupidity or foolishness Doofus
20%
To act in a strange, often dangerous way. Deranged
10%
Waste time through aimless wandering or indecision. Dilly dallying
10%
A major, rapidly developing industrial city in China's Pearl River. Known as the "World's Factory" the city blends modern industry with rich history, featuring parks, ancient villages, museums (Opium War Museum), and cultural sites. Dongguan
10%
A name of Scandinavian and Polish origin, meaning "maid of the day" or "maiden of the day". Dagmara
0%
King of the Hill - Hank, Boomhauer, Bill & ____. Dale
0%
To think on or consider a plan or action. Deliborate
0%
_______ Rodrigues, an Angolan revolutionary, writer, and poet. She was a member of the Movimento Popular de Libertação de Angola and, in addition to seeing combat, worked for the organisation as a translator, educator, and radio host. She was murdered age 28 by the FLNA in 1967 and is seen as a national hero of Angola today. Deolinda
0%
Flower with white petals around an orange disk. Diasy
0%
In Ireland, the Irish famine of 1945-1952, a famine which killed one million, is called the "an __________ "which literally translates to "the bad life" and loosely translates to "the hard times". Drochshaol
0%
Scottish slang for wet. Drookit
0%
No matching quizzes found
Score Distribution
Percent of People with Each Score
Percentile by Number Answered
Your Score History
You have not taken this quiz since the last reset